| 000 | 01040cam a2200313 a 4500 | ||
|---|---|---|---|
| 001 | 15908 | ||
| 003 | BD-RjUL | ||
| 005 | 20211208235917.0 | ||
| 008 | 140211s2002 mau b 001 0 eng d | ||
| 020 | _a0072422645 (student ed. : alk. paper) | ||
| 020 | _a0072422769 (disc) | ||
| 035 | _a(BD-RjUL)15963 | ||
| 040 |
_aDLC _cDLC _dDLC _dBD-RjUL _beng |
||
| 041 | _aeng | ||
| 082 | 0 | 0 |
_a658.15 _221 _bBLF 2002 |
| 100 | 1 |
_aBlock, Stanley B. _949311 |
|
| 245 | 1 | 0 |
_aFoundations of financial management / _cStanley B. Block, Geoffrey A. Hirt. |
| 250 | _a10th ed. | ||
| 260 |
_aBoston : _bMcGraw-Hill/Irwin, _cc2002. |
||
| 300 |
_axxviii, 677 p. : _bcol. ill. ; _c26 cm. + |
||
| 500 | _aAppendixes A-D (4 p.) inserted. | ||
| 504 | _aIncludes bibliographical references and indexes. | ||
| 650 | 0 |
_aCorporations _xFinance. _949313 |
|
| 700 | 1 |
_aHirt, Geoffrey A. _949314 |
|
| 942 |
_2ddc _cBK |
||
| 999 |
_c15908 _d15908 |
||